000 02273nam a2200337Ia 4500
999 _c55265
_d55265
001 22341
003 GE_BSU
005 20230310101650.0
008 181216s2013||||ge |||||||||||||| ||geo||
020 _a978-9941-437-45-8
040 _cGE_BSU
041 _ageo
080 _a1(38) თ-47
100 _aთეოფრასტოსი
_917158
245 _aხასიათები = Charakteres /
_cთეოფრასტოსი ; ძვ. ბერძნ. თარგმნეს, წინასიტყვ. და განმარტებები დაურთეს : ნათია გათენაშვილმა და სხვ. ; იდეის ავტ. და რედ. ნანა ტონია ; მხატვ. ბესიკ ხარანაული.
264 _aთბილისი :
_bპროგრამა "ლოგოსი,
_c2013.
300 _a199 გვ. :
_bნახ. ;
_c19 სმ.
490 _aპროგრამა "ლოგოსი"
500 _aპუბლიკაციები და ღონისძიებები კლასიკური ფილოლოგიის, ბიზანტინისტიკისა და ნეოგრეცისტიკის სფეროში
500 _aტექსტი ქართულ და ბერძნულ ენებზე
500 _aპარალელური თავფურცელი ბერძნულ ენაზე
520 _aტექსტი ქართ. და ბერძნ.. - პარალ. თავფ. ბერძნ.
541 _h7ლ. 20თ.
653 _aბერძნული ფილოსოფია
653 _aადამიანის ხასიათი
653 _aხასიათები = Charakteres
700 _aტონია, ნანა
_eრედაქტორი
_917159
700 _aხარანაული, ბესიკ
_eმხატვარი
_97057
710 _a თსუ
_bკლასიკური ფილოლოგიის, ბიზანტინისტიკისა და ნეოგრეცისტიკის ინსტიტუტი
_917160
942 _cBK
_2udc